000
00276cam a22000857a 4500
008
180718b1995 xxu||||| |||| 00| 0 eng d
245
_a
Sukchmeekaran avaim bhavishya ka avtaran
_c
edited by Brahmverchasas
260
_a
Mathura
_b
Akhand Jyoti Sansthan
_c
1995
700
_a
Brahmverchasas
999
_c
438976
_d
438976